Statistics for Portuguese irregular verbs #1

Click here to take the quiz!

General Stats

  • This quiz has been taken 65 times
  • The average score is 109 of 276

Answer Stats

HintAnswer% Correct
ele / ela / vocêé
98%
tués
93%
(tu) | ele / ela / vocêestá
90%
nósestamos
90%
nóssomos
90%
eusou
90%
eutenho
88%
euestou
85%
(tu) | ele / ela / você
85%
eles / elas / vocêssão
85%
ele / elas / vocêsestão
83%
(tu) | (você) | ele / ela / vocêtem
83%
ele / elas / vocêstêm
83%
nóstemos
83%
tuestás
80%
(tu)
73%
Gerúndioestando
68%
para ... ele / ela / você | para ... euestar
68%
Gerúndiosendo
68%
Gerúndiotendo
68%
tutens
65%
ele / ela / você | euera
63%
Particípio passadoestado
63%
eles / elas / vocêseram
60%
nóséramos
60%
(vós)estai
60%
ele / ela / você | euestava
60%
eles / elas / vocêsestavam
60%
nósestávamos
60%
ele / ela / vocêfoi
60%
ele / ela / vocêestará
58%
vósestais
55%
euestive
55%
Gerúndiohavendo
55%
Particípio passadosido
55%
tueras
53%
euestarei
53%
tuestavas
53%
quando ele / ela / você | quando eufor
53%
eufui
53%
para ... ele / ela / você | para ... euser
53%
ele / ela / vocêserá
53%
para ... eles / elas / vocêsestarem
50%
ele / ela / você | eufora
50%
eles / elas / vocêsforam
50%
nóshemos / havemos
50%
euserei
50%
vóssois
50%
Particípio passadotido
50%
ele / ela / você | eutinha
50%
eles / elas / vocêstinham
50%
nóstínhamos
50%
nósestaremos
48%
para ... eles / elas / vocêsserem
48%
ele / ela / você | euseria
48%
eutive
48%
ele / ela / você | euestaria
45%
eles / elas / vocêsestariam
45%
nósfomos
45%
tuhás
45%
(você) | que ele / ela / você | que euseja
45%
tuserás
45%
nósseremos
45%
eles / elas / vocêsseriam
45%
nósseríamos
45%
que ele / ela / você | que eutenha
45%
para ... ele / ela / você | para ... euter
45%
tutinhas
45%
tuestarás
43%
nósestaríamos
43%
quando ele / ela / você | quando euestiver
43%
eles / elas / vocêshão
43%
ele / ela / você | euhavia
43%
(vocês) | que eles / elas / vocêssejam
43%
(nós) | que nóssejamos
43%
(vocês) | que eles / elas / vocêstenham
43%
tuestarias
40%
ele / ela / vocêesteve
40%
nósestivemos
40%
se ele / se ela / se você | se euestivesse
40%
se eles / se elas / se vocêsestivessem
40%
se nósestivéssemos
40%
para ... ele / ela / você | para ... euhaver
40%
eles / elas / vocêshaviam
40%
nóshavíamos
40%
Particípio passadohavido
40%
tuserias
40%
(não ... tu) | que tutenhas
40%
ele / ela / vocêterá
40%
euterei
40%
ele / ela / você | euteria
40%
eles / elas / vocêsestarão
38%
para ... tuestares
38%
para ... nósestarmos
38%
ele / ela / você | euestivera
38%
eles / elas / vocêsestiveram
38%
ele / ela / vocêhaverá
38%
euhaverei
38%
para ... eles / elas / vocêshaverem
38%
euhei
38%
ele / ela / você | euhouve
38%
(não ... tu) | que tusejas
38%
eles / elas / vocêsserão
38%
(nós | que nóstenhamos
38%
para ... eles / elas / vocêsterem
38%
ele / ela / vocêteve
38%
nóstivemos
38%
vósestávais
35%
(você) | que ele / que ela / que você | que euesteja
35%
(vocês) | que eles / que elas / que vocêsestejam
35%
(nós) | que nósestejamos
35%
se tuestivesses
35%
se ele / ela / você | se eufosse
35%
se eles / elas / vocêsfossem
35%
se nósfôssemos
35%
nóshaveremos
35%
para ... tuseres
35%
para ... nóssermos
35%
vósteremos
35%
eles / elas / vocêsteriam
35%
nósteríamos
35%
para ... nóstermos
35%
quando ele / ela / você | quando eutiver
35%
se ele / ela / você | se eutivesse
35%
se eles / elas / vocêstivessem
35%
se nóstivéssemos
35%
nósestivéramos
33%
quando eles / elas / vocêsestiverem
33%
nósfôramos
33%
quando eles / elas / vocêsforem
33%
se tufosses
33%
(vós)havei
33%
ele / ela / você | euhaveria
33%
para ... nóshavermos
33%
tuhavias
33%
se ele / ela / você | se euhouvesse
33%
(não ... vós) | que vóssejais
33%
(não ... vós) | que vóstenhais
33%
tuterás
33%
para ... tuteres
33%
tuterias
33%
ele / ela / você | eutivera
33%
eles / elas / vocêstiveram
33%
vósestareis
30%
que tuestejas
30%
tuestiveras
30%
quando tu | quando vósestiveres
30%
quando nósestivermos
30%
tuforas
30%
quando tufores
30%
tuhaverás
30%
para ... tuhaveres
30%
eles / elas / vocêshaveriam
30%
nóshaveríamos
30%
vósheis / haveis
30%
quando ele / ela / você | quando euhouver
30%
ele / ela / você | euhouvera
30%
eles / elas / vocêshouveram
30%
se eles / elas / vocêshouvessem
30%
se nóshouvéssemos
30%
eles / elas / vocêsterão
30%
se tutivesses
30%
se vósestivésseis
28%
vósfôreis
28%
quando nósformos
28%
tufoste
28%
eles / elas / vocêshaverão
28%
tuhaverias
28%
se tuhouvesses
28%
vóssereis
28%
vóséreis
25%
(não ... vós) | que vósestejais
25%
se vósfôsseis
25%
vósseríais
25%
nóstereis
25%
quando eles / elas / vocêstiverem
25%
vósestivéreis
23%
(você) | que ele / ela / você | que euhaja
23%
(vocês) | que eles / elas / vocêshajam
23%
nóshouvemos
23%
nóshouvéramos
23%
tuhouveras
23%
quando eles / elas / vocêshouverem
23%
vóstínheis
23%
nóstivéramos
23%
tutiveras
23%
vóstivéreis
23%
quando tutiveres
23%
quando nóstivermos
23%
se vóstivésseis
23%
vósestaríeis
20%
tuestiveste
20%
(nós) | que nóshajamos
20%
vóshouvéreis
20%
quando tuhouveres
20%
quando nóshouvermos
20%
se vóshouvésseis
20%
(vós) | vóstendes
20%
para ... vósestardes
18%
(não ... vós) | que vóshajais
18%
(não ... tu) | que tuhajas
18%
vóshavereis
18%
tuhouveste
18%
para ... vósserdes
18%
tutiveste
18%
vósfostes
15%
para ... vóshaverdes
15%
vóshaveríeis
15%
vóshavíeis
15%
para ... vósterdes
15%
vósteríeis
15%
quando vósfordes
13%
vósestivesteis
10%
quando vóshouverdes
10%
vóshouvestes
10%
(vós)sede
10%
quando vóstiverdes
10%
vóstivestes
10%
(não ... tu)estajas
5%

Score Distribution

Percentile by Number Answered

Percent of People with Each Score

Your Score History

You have not taken this quiz